000
00329nam a2200133Ia 4500
008
240624s9999 xx 000 0 und d
041
_a
eng
082
_a
299.514 TOW
100
_a
TOWLER SOLALA
245
_a
TALES FROM THE TAO THE WISDOM OF THE TAO
260
_c
2005
_a
USA
_b
watkins
300
_a
191p. ;23cm.
365
_c
_b
33
999
_c
32767
_d
32767